Peligro de gol: estudios sobre deporte y sociedad en América Latina /
Spremljeno u:
| Glavni autor: | |
|---|---|
| Daljnji autori: | |
| Format: | Tekst |
| Izdano: |
Buenos Aires:
CLACSO. ASDI
|
| Teme: | |
| Oznake: |
Dodaj oznaku
Bez oznaka, Budi prvi tko označuje ovaj zapis!
|
MARC
| LEADER | 00000 a a2200000 04500 | ||
|---|---|---|---|
| 001 | 19231 | ||
| 003 | |||
| 040 | |||
| 090 | |a 145500 | ||
| 100 | |a Alabarces, Pablo | ||
| 245 | |a Peligro de gol: estudios sobre deporte y sociedad en América Latina / |c Pablo Alabarces | ||
| 260 | |a Buenos Aires: |b CLACSO. ASDI | ||
| 300 | |a 270 p | ||
| 500 | |a Disponible en Cd, en No. 194110 | ||
| 650 | |a DEPORTES | ||
| 650 | |a SOCIEDAD | ||
| 700 | |a comp | ||
| 999 | |c 17132 |d 17132 | ||
